[Event "Rapid Tournament (RAP)"]
[Site "Biel, CH"]
[Date "2025.07.13"]
[Round "3"]
[White "Bok, Benjamin"]
[Black "Harish, Neeraj"]
[Result "1-0"]
[Board "1"]
[WhiteFideId "1017063"]
[BlackFideId "30958130"]
[WhiteTitle "GM"]
[BlackTitle "CM"]
[WhiteElo "2585"]
[BlackElo "2175"]
[WhiteTeam "NED"]
[BlackTeam "USA"]
[WhiteClock "0:00:22"]
[BlackClock "0:00:12"]
[Variant "Standard"]

1. Nf3 {[%clk 0:15:08]}  Nf6 {[%clk 0:15:04]} 2. c4 {[%clk 0:15:04]}  g6 {[%clk 0:15:05]} 3. g3 {[%clk 0:15:06]}  Bg7 {[%clk 0:15:07]} 4. Bg2 {[%clk 0:15:10]}  O-O {[%clk 0:15:07]} 5. Nc3 {[%clk 0:15:09]}  c5 {[%clk 0:15:09]} 6. d4 {[%clk 0:14:41]}  cxd4 {[%clk 0:14:51]} 7. Qxd4 {[%clk 0:13:20]}  Nc6 {[%clk 0:14:50]} 8. Qh4 {[%clk 0:13:23]}  h5 {[%clk 0:14:01]} 9. O-O {[%clk 0:12:46]}  d6 {[%clk 0:13:58]} 10. Rd1 {[%clk 0:11:19]}  Bd7 {[%clk 0:11:41]} 11. h3 {[%clk 0:10:34]}  a5 {[%clk 0:11:06]} 12. b3 {[%clk 0:06:44]}  Rc8 {[%clk 0:10:36]} 13. Be3 {[%clk 0:06:19]}  Re8 {[%clk 0:06:28]} 14. Rac1 {[%clk 0:06:21]}  Nb4 {[%clk 0:05:49]} 15. c5 {[%clk 0:04:19]}  dxc5 {[%clk 0:04:02]} 16. Ne5 {[%clk 0:04:09]}  Nc6 {[%clk 0:03:36]} 17. Nxc6 {[%clk 0:03:43]}  bxc6 {[%clk 0:03:35]} 18. Na4 {[%clk 0:03:37]}  Qc7 {[%clk 0:03:08]} 19. Nxc5 {[%clk 0:03:21]}  Red8 {[%clk 0:02:26]} 20. Nxd7 {[%clk 0:01:40]}  Rxd7 {[%clk 0:02:20]} 21. Rxd7 {[%clk 0:01:40]}  Qxd7 {[%clk 0:02:23]} 22. Qc4 {[%clk 0:01:40]}  e6 {[%clk 0:01:18]} 23. Bxc6 {[%clk 0:00:54]}  Qd6 {[%clk 0:01:13]} 24. Qc5 {[%clk 0:00:45]}  Qxc5 {[%clk 0:00:55]} 25. Rxc5 {[%clk 0:00:47]}  Bf8 {[%clk 0:00:57]} 26. Rc4 {[%clk 0:00:47]}  Rd8 {[%clk 0:00:42]} 27. Kg2 {[%clk 0:00:42]}  Rd1 {[%clk 0:00:42]} 28. Bf3 {[%clk 0:00:19]}  Nd5 {[%clk 0:00:39]} 29. Bxd5 {[%clk 0:00:17]}  Rxd5 {[%clk 0:00:37]} 30. Rd4 {[%clk 0:00:15]}  Rb5 {[%clk 0:00:20]} 31. Rd8 {[%clk 0:00:19]}  Kg7 {[%clk 0:00:23]} 32. Bd4+ {[%clk 0:00:17]}  e5 {[%clk 0:00:27]} 33. a4 {[%clk 0:00:18]}  Rxb3 {[%clk 0:00:19]} 34. Bxe5+ {[%clk 0:00:21]}  f6 {[%clk 0:00:20]} 35. Bxf6+ {[%clk 0:00:21]}  Kf7 {[%clk 0:00:09]} 36. Ra8 {[%clk 0:00:13]}  Ra3 {[%clk 0:00:08]} 37. Bd8 {[%clk 0:00:19]}  Bb4 {[%clk 0:00:09]} 38. Ra7+ {[%clk 0:00:17]}  Ke6 {[%clk 0:00:10]} 39. Bxa5 {[%clk 0:00:20]}  Rxa4 {[%clk 0:00:12]} 40. Bb6 {[%clk 0:00:22]} 1-0

[Event "Rapid Tournament (RAP)"]
[Site "Biel, CH"]
[Date "2025.07.13"]
[Round "3"]
[White "Sauvin, Jacques"]
[Black "Yilmaz, Mustafa"]
[Result "0-1"]
[Board "2"]
[WhiteFideId "1301888"]
[BlackFideId "6302718"]
[BlackTitle "GM"]
[WhiteElo "2147"]
[BlackElo "2547"]
[WhiteTeam "SUI"]
[BlackTeam "TUR"]
[WhiteClock "0:07:31"]
[BlackClock "0:11:13"]
[Variant "Standard"]

1. d4 {[%clk 0:15:08]}  d5 {[%clk 0:15:09]} 2. Nf3 {[%clk 0:15:09]}  Nf6 {[%clk 0:15:12]} 3. c4 {[%clk 0:15:11]}  e6 {[%clk 0:15:14]} 4. Nc3 {[%clk 0:15:12]}  Bb4 {[%clk 0:15:12]} 5. Bg5 {[%clk 0:14:49]}  dxc4 {[%clk 0:13:54]} 6. e4 {[%clk 0:14:15]}  h6 {[%clk 0:13:48]} 7. Bxf6 {[%clk 0:14:08]}  Qxf6 {[%clk 0:13:50]} 8. Bxc4 {[%clk 0:13:37]}  c5 {[%clk 0:13:40]} 9. O-O {[%clk 0:12:46]}  cxd4 {[%clk 0:13:35]} 10. Qxd4 {[%clk 0:12:09]}  Qxd4 {[%clk 0:12:40]} 11. Nxd4 {[%clk 0:12:08]}  Bxc3 {[%clk 0:11:46]} 12. bxc3 {[%clk 0:12:08]}  Nd7 {[%clk 0:11:32]} 13. Bxe6 {[%clk 0:07:59]}  fxe6 {[%clk 0:11:28]} 14. Nxe6 {[%clk 0:08:02]}  Kf7 {[%clk 0:11:25]} 15. Nd4 {[%clk 0:07:47]}  Nc5 {[%clk 0:11:22]} 16. f3 {[%clk 0:07:50]}  Bd7 {[%clk 0:11:23]} 17. Kf2 {[%clk 0:07:40]}  Rac8 {[%clk 0:11:26]} 18. Ke3 {[%clk 0:07:24]}  Na4 {[%clk 0:11:23]} 19. Rfc1 {[%clk 0:07:31]}  Nxc3 {[%clk 0:11:13]} 0-1

[Event "Rapid Tournament (RAP)"]
[Site "Biel, CH"]
[Date "2025.07.13"]
[Round "3"]
[White "Karthikeyan, Murali"]
[Black "Erne, Raphael"]
[Result "1-0"]
[Board "3"]
[WhiteFideId "5074452"]
[BlackFideId "1341928"]
[WhiteTitle "GM"]
[WhiteElo "2522"]
[BlackElo "2159"]
[WhiteTeam "IND"]
[BlackTeam "SUI"]
[WhiteClock "0:00:15"]
[BlackClock "0:00:06"]
[Variant "Standard"]

1. d4 {[%clk 0:15:06]}  d5 {[%clk 0:15:07]} 2. Nf3 {[%clk 0:15:09]}  Nf6 {[%clk 0:15:10]} 3. c3 {[%clk 0:15:12]}  c5 {[%clk 0:14:10]} 4. dxc5 {[%clk 0:15:08]}  e6 {[%clk 0:13:55]} 5. b4 {[%clk 0:14:16]}  a5 {[%clk 0:13:32]} 6. Qb3 {[%clk 0:12:15]}  b6 {[%clk 0:12:06]} 7. cxb6 {[%clk 0:11:14]}  axb4 {[%clk 0:11:41]} 8. cxb4 {[%clk 0:10:32]}  Qxb6 {[%clk 0:11:37]} 9. b5 {[%clk 0:10:34]}  Nc6 {[%clk 0:08:12]} 10. e3 {[%clk 0:10:06]}  Na5 {[%clk 0:07:18]} 11. Qd1 {[%clk 0:08:32]}  Ne4 {[%clk 0:05:26]} 12. Nbd2 {[%clk 0:08:11]}  Bd7 {[%clk 0:04:33]} 13. Nxe4 {[%clk 0:06:56]}  dxe4 {[%clk 0:04:36]} 14. Ne5 {[%clk 0:06:59]}  Rd8 {[%clk 0:02:57]} 15. Qa4 {[%clk 0:05:05]}  Qc5 {[%clk 0:01:18]} 16. Qd4 {[%clk 0:02:49]}  f6 {[%clk 0:00:15]} 17. Qxc5 {[%clk 0:02:06]}  Bxc5 {[%clk 0:00:18]} 18. Bd2 {[%clk 0:01:11]}  Nb7 {[%clk 0:00:08]} 19. Nxd7 {[%clk 0:00:53]}  Rxd7 {[%clk 0:00:12]} 20. a4 {[%clk 0:00:50]}  Ke7 {[%clk 0:00:07]} 21. a5 {[%clk 0:00:40]}  Rhd8 {[%clk 0:00:08]} 22. Bc3 {[%clk 0:00:51]}  Rc8 {[%clk 0:00:07]} 23. a6 {[%clk 0:00:41]}  Nd6 {[%clk 0:00:11]} 24. Be2 {[%clk 0:00:31]}  f5 {[%clk 0:00:07]} 25. O-O {[%clk 0:00:23]}  Rb8 {[%clk 0:00:08]} 26. Be5 {[%clk 0:00:11]}  Ra8 {[%clk 0:00:06]} 27. Rfc1 {[%clk 0:00:12]}  Bb6 {[%clk 0:00:06]} 28. Rc6 {[%clk 0:00:15]} 1-0

[Event "Rapid Tournament (RAP)"]
[Site "Biel, CH"]
[Date "2025.07.13"]
[Round "3"]
[White "Schweizer, Simon"]
[Black "Kobalia, Mikhail"]
[Result "0-1"]
[Board "4"]
[WhiteFideId "1325361"]
[BlackFideId "4119150"]
[BlackTitle "GM"]
[WhiteElo "2131"]
[BlackElo "2509"]
[WhiteTeam "JPN"]
[BlackTeam "FID"]
[WhiteClock "0:02:12"]
[BlackClock "0:02:11"]
[Variant "Standard"]

1. e4 {[%clk 0:15:07]}  c5 {[%clk 0:15:09]} 2. Nf3 {[%clk 0:15:10]}  e6 {[%clk 0:15:13]} 3. d4 {[%clk 0:15:13]}  cxd4 {[%clk 0:15:17]} 4. Nxd4 {[%clk 0:15:15]}  Nc6 {[%clk 0:15:20]} 5. Nc3 {[%clk 0:15:18]}  a6 {[%clk 0:15:25]} 6. g3 {[%clk 0:15:20]}  d6 {[%clk 0:15:13]} 7. Bg2 {[%clk 0:15:21]}  Bd7 {[%clk 0:15:17]} 8. O-O {[%clk 0:15:15]}  Be7 {[%clk 0:15:21]} 9. Nde2 {[%clk 0:15:01]}  Nf6 {[%clk 0:15:22]} 10. a4 {[%clk 0:15:02]}  Rc8 {[%clk 0:15:09]} 11. b3 {[%clk 0:14:51]}  O-O {[%clk 0:15:08]} 12. Ba3 {[%clk 0:14:49]}  Qc7 {[%clk 0:15:00]} 13. Qd2 {[%clk 0:14:47]}  Rfd8 {[%clk 0:15:01]} 14. Rfd1 {[%clk 0:14:32]}  Be8 {[%clk 0:15:01]} 15. h3 {[%clk 0:14:26]}  h6 {[%clk 0:14:27]} 16. f4 {[%clk 0:13:59]}  d5 {[%clk 0:14:04]} 17. exd5 {[%clk 0:13:42]}  Bxa3 {[%clk 0:13:48]} 18. Rxa3 {[%clk 0:13:44]}  exd5 {[%clk 0:13:48]} 19. Re1 {[%clk 0:11:58]}  Ne4 {[%clk 0:10:42]} 20. Nxe4 {[%clk 0:10:42]}  dxe4 {[%clk 0:10:45]} 21. Qe3 {[%clk 0:10:06]}  Nb4 {[%clk 0:10:32]} 22. Bxe4 {[%clk 0:09:47]}  Nxc2 {[%clk 0:10:36]} 23. Bxc2 {[%clk 0:09:31]}  Qxc2 {[%clk 0:10:39]} 24. b4 {[%clk 0:08:25]}  Bxa4 {[%clk 0:04:50]} 25. Nd4 {[%clk 0:08:04]}  Qb2 {[%clk 0:04:44]} 26. Rxa4 {[%clk 0:04:32]}  Rxd4 {[%clk 0:04:34]} 27. Ra3 {[%clk 0:03:32]}  Rd2 {[%clk 0:03:53]} 28. Rb3 {[%clk 0:03:24]}  Qc2 {[%clk 0:03:48]} 29. b5 {[%clk 0:03:03]}  axb5 {[%clk 0:03:19]} 30. h4 {[%clk 0:03:01]}  b4 {[%clk 0:02:35]} 31. Rxb4 {[%clk 0:02:56]}  Rc3 {[%clk 0:02:13]} 32. Qe8+ {[%clk 0:02:21]}  Kh7 {[%clk 0:02:16]} 33. Qe4+ {[%clk 0:02:23]}  Qxe4 {[%clk 0:02:18]} 34. Rbxe4 {[%clk 0:02:27]}  Rxg3+ {[%clk 0:02:20]} 35. Kh1 {[%clk 0:02:21]}  Rh3+ {[%clk 0:02:21]} 36. Kg1 {[%clk 0:02:25]}  Rxh4 {[%clk 0:02:24]} 37. Rb4 {[%clk 0:02:26]}  Rg4+ {[%clk 0:02:18]} 38. Kh1 {[%clk 0:02:28]}  Rd5 {[%clk 0:02:17]} 39. Re2 {[%clk 0:02:23]}  b5 {[%clk 0:02:08]} 40. Reb2 {[%clk 0:02:12]}  Rf5 {[%clk 0:02:11]} 0-1

[Event "Rapid Tournament (RAP)"]
[Site "Biel, CH"]
[Date "2025.07.13"]
[Round "3"]
[White "Panchanathan, Magesh Chandran"]
[Black "Lipecki, Alexander"]
[Result "1-0"]
[Board "5"]
[WhiteFideId "5007429"]
[BlackFideId "1303511"]
[WhiteTitle "GM"]
[WhiteElo "2454"]
[BlackElo "2126"]
[WhiteTeam "IND"]
[BlackTeam "SUI"]
[WhiteClock "0:13:14"]
[BlackClock "0:13:30"]
[Variant "Standard"]

1. Nf3 {[%clk 0:15:07]}  c6 {[%clk 0:15:04]} 2. g3 {[%clk 0:15:08]}  g6 {[%clk 0:15:07]} 3. Bg2 {[%clk 0:15:11]}  Bg7 {[%clk 0:15:10]} 4. c4 {[%clk 0:15:06]}  Nf6 {[%clk 0:15:10]} 5. O-O {[%clk 0:15:07]}  O-O {[%clk 0:15:12]} 6. d4 {[%clk 0:14:25]}  d5 {[%clk 0:15:11]} 7. cxd5 {[%clk 0:14:29]}  cxd5 {[%clk 0:15:14]} 8. Nc3 {[%clk 0:14:33]}  Nc6 {[%clk 0:15:00]} 9. Ne5 {[%clk 0:14:36]}  Be6 {[%clk 0:15:01]} 10. Nxc6 {[%clk 0:14:32]}  bxc6 {[%clk 0:15:04]} 11. Bf4 {[%clk 0:14:23]}  Nd7 {[%clk 0:14:28]} 12. Na4 {[%clk 0:14:01]}  Qa5 {[%clk 0:14:00]} 13. Rc1 {[%clk 0:13:17]}  Rac8 {[%clk 0:13:47]} 14. a3 {[%clk 0:13:10]}  c5 {[%clk 0:13:28]} 15. dxc5 {[%clk 0:13:12]}  Nxc5 {[%clk 0:13:30]} 16. Rxc5 {[%clk 0:13:14]} 1-0

[Event "Rapid Tournament (RAP)"]
[Site "Biel, CH"]
[Date "2025.07.13"]
[Round "3"]
[White "Mikavica, Mirko"]
[Black "Gloeckler, Christian"]
[Result "0-1"]
[Board "6"]
[WhiteFideId "908657"]
[BlackFideId "34608966"]
[BlackTitle "FM"]
[WhiteElo "2115"]
[BlackElo "2353"]
[WhiteTeam "SUI"]
[BlackTeam "GER"]
[WhiteClock "0:01:35"]
[BlackClock "0:02:32"]
[Variant "Standard"]

1. d4 {[%clk 0:15:09]}  Nf6 {[%clk 0:15:09]} 2. c4 {[%clk 0:15:14]}  e6 {[%clk 0:15:14]} 3. Nc3 {[%clk 0:15:18]}  Bb4 {[%clk 0:15:17]} 4. Nf3 {[%clk 0:15:22]}  O-O {[%clk 0:15:20]} 5. g3 {[%clk 0:15:26]}  d5 {[%clk 0:13:04]} 6. cxd5 {[%clk 0:15:23]}  exd5 {[%clk 0:12:46]} 7. Bg2 {[%clk 0:15:18]}  c6 {[%clk 0:15:04]} 8. O-O {[%clk 0:13:06]}  Re8 {[%clk 0:14:57]} 9. a3 {[%clk 0:12:34]}  Bd6 {[%clk 0:14:56]} 10. Bf4 {[%clk 0:11:26]}  Bxf4 {[%clk 0:14:12]} 11. gxf4 {[%clk 0:11:30]}  Bf5 {[%clk 0:14:12]} 12. e3 {[%clk 0:11:20]}  Bg4 {[%clk 0:12:06]} 13. Qb3 {[%clk 0:11:16]}  Bxf3 {[%clk 0:11:59]} 14. Bxf3 {[%clk 0:11:19]}  Qb6 {[%clk 0:11:50]} 15. Qxb6 {[%clk 0:10:56]}  axb6 {[%clk 0:11:54]} 16. Rac1 {[%clk 0:10:31]}  Na6 {[%clk 0:11:16]} 17. Rfd1 {[%clk 0:10:14]}  b5 {[%clk 0:10:55]} 18. b4 {[%clk 0:09:37]}  Nd7 {[%clk 0:10:12]} 19. e4 {[%clk 0:09:17]}  dxe4 {[%clk 0:09:32]} 20. Nxe4 {[%clk 0:09:05]}  Nb6 {[%clk 0:08:24]} 21. Nd6 {[%clk 0:09:03]}  Re7 {[%clk 0:08:00]} 22. Nxb7 {[%clk 0:08:53]}  Rxb7 {[%clk 0:07:54]} 23. Bxc6 {[%clk 0:08:57]}  Rab8 {[%clk 0:07:37]} 24. Bxb7 {[%clk 0:09:01]}  Rxb7 {[%clk 0:07:41]} 25. d5 {[%clk 0:05:46]}  Nb8 {[%clk 0:04:24]} 26. Rc5 {[%clk 0:05:25]}  N6d7 {[%clk 0:04:00]} 27. Rc8+ {[%clk 0:08:26]}  Nf8 {[%clk 0:04:04]} 28. d6 {[%clk 0:07:51]}  Nbd7 {[%clk 0:03:57]} 29. Rc7 {[%clk 0:07:28]}  Rb6 {[%clk 0:03:44]} 30. Kg2 {[%clk 0:05:36]}  g6 {[%clk 0:03:43]} 31. Kg3 {[%clk 0:04:35]}  Kg7 {[%clk 0:03:43]} 32. Rd3 {[%clk 0:04:32]}  Kf6 {[%clk 0:03:38]} 33. Ra7 {[%clk 0:02:48]}  Ke6 {[%clk 0:03:20]} 34. a4 {[%clk 0:02:48]}  bxa4 {[%clk 0:03:18]} 35. Rxa4 {[%clk 0:02:50]}  Nf6 {[%clk 0:03:11]} 36. Kf3 {[%clk 0:02:03]}  N8d7 {[%clk 0:03:07]} 37. Rd4 {[%clk 0:01:50]}  Nd5 {[%clk 0:02:28]} 38. Ke4 {[%clk 0:01:35]}  Nc3+ {[%clk 0:02:32]} 0-1

[Event "Rapid Tournament (RAP)"]
[Site "Biel, CH"]
[Date "2025.07.13"]
[Round "3"]
[White "Sharif, Mehrshad"]
[Black "Frey,Fabian"]
[Result "1-0"]
[Board "7"]
[WhiteFideId "600121"]
[BlackFideId "1336487"]
[WhiteTitle "IM"]
[WhiteElo "2334"]
[BlackElo "2102"]
[WhiteTeam "FRA"]
[BlackTeam "SUI"]
[WhiteClock "0:02:11"]
[BlackClock "0:00:00"]
[Variant "Standard"]

1. Nf3 {[%clk 0:15:08]}  d5 {[%clk 0:15:08]} 2. g3 {[%clk 0:15:11]}  c6 {[%clk 0:15:12]} 3. Bg2 {[%clk 0:15:14]}  Bg4 {[%clk 0:15:16]} 4. O-O {[%clk 0:15:15]}  Nd7 {[%clk 0:15:17]} 5. h3 {[%clk 0:15:19]}  Bh5 {[%clk 0:15:19]} 6. c4 {[%clk 0:15:22]}  Bxf3 {[%clk 0:15:07]} 7. Bxf3 {[%clk 0:15:24]}  Ne5 {[%clk 0:15:06]} 8. cxd5 {[%clk 0:15:21]}  Nxf3+ {[%clk 0:15:09]} 9. exf3 {[%clk 0:15:24]}  Qxd5 {[%clk 0:15:12]} 10. d4 {[%clk 0:15:26]}  Nf6 {[%clk 0:15:07]} 11. Nc3 {[%clk 0:15:29]}  Qd7 {[%clk 0:15:10]} 12. Bg5 {[%clk 0:15:17]}  Nd5 {[%clk 0:14:30]} 13. Kg2 {[%clk 0:14:47]}  h6 {[%clk 0:14:24]} 14. Bd2 {[%clk 0:14:50]}  e6 {[%clk 0:14:20]} 15. f4 {[%clk 0:14:31]}  Be7 {[%clk 0:14:02]} 16. Qf3 {[%clk 0:14:26]}  O-O {[%clk 0:14:13]} 17. Ne4 {[%clk 0:14:05]}  Rfd8 {[%clk 0:14:13]} 18. Rad1 {[%clk 0:14:06]}  Nf6 {[%clk 0:13:41]} 19. Nc5 {[%clk 0:13:26]}  Qxd4 {[%clk 0:11:12]} 20. Nxb7 {[%clk 0:13:21]}  Rdb8 {[%clk 0:10:28]} 21. Na5 {[%clk 0:13:07]}  Qd5 {[%clk 0:04:55]} 22. Nxc6 {[%clk 0:12:45]}  Rb7 {[%clk 0:04:58]} 23. Nxe7+ {[%clk 0:12:18]}  Rxe7 {[%clk 0:04:59]} 24. Bc3 {[%clk 0:12:03]}  Qxf3+ {[%clk 0:04:56]} 25. Kxf3 {[%clk 0:12:06]}  Nd5 {[%clk 0:04:57]} 26. Be5 {[%clk 0:12:07]}  f6 {[%clk 0:03:57]} 27. Bd4 {[%clk 0:12:08]}  f5 {[%clk 0:03:54]} 28. Rc1 {[%clk 0:11:40]}  Kf7 {[%clk 0:03:34]} 29. Rc4 {[%clk 0:11:22]}  a5 {[%clk 0:03:33]} 30. Rfc1 {[%clk 0:10:50]}  Rb8 {[%clk 0:03:28]} 31. h4 {[%clk 0:09:45]}  Rb5 {[%clk 0:02:01]} 32. Rc5 {[%clk 0:09:13]}  Rb4 {[%clk 0:01:34]} 33. Be5 {[%clk 0:08:51]}  a4 {[%clk 0:01:37]} 34. Ra5 {[%clk 0:08:49]}  Reb7 {[%clk 0:01:37]} 35. Rc8 {[%clk 0:08:23]}  Kg6 {[%clk 0:01:24]} 36. Ra6 {[%clk 0:08:02]}  Kf7 {[%clk 0:01:23]} 37. Rca8 {[%clk 0:05:25]}  Nb6 {[%clk 0:01:22]} 38. R8a7 {[%clk 0:05:17]}  Nc4 {[%clk 0:01:17]} 39. Bc3 {[%clk 0:05:14]}  R4b5 {[%clk 0:01:13]} 40. Rxb7+ {[%clk 0:04:54]}  Rxb7 {[%clk 0:01:16]} 41. Rxa4 {[%clk 0:04:58]}  Nxb2 {[%clk 0:01:17]} 42. Rb4 {[%clk 0:04:54]}  Rxb4 {[%clk 0:01:07]} 43. Bxb4 {[%clk 0:04:56]}  Na4 {[%clk 0:01:10]} 44. h5 {[%clk 0:04:17]}  g6 {[%clk 0:01:14]} 45. hxg6+ {[%clk 0:04:19]}  Kxg6 {[%clk 0:01:18]} 46. Ke3 {[%clk 0:04:13]}  h5 {[%clk 0:00:58]} 47. Kd4 {[%clk 0:04:04]}  Nb6 {[%clk 0:00:53]} 48. Bc5 {[%clk 0:03:28]}  Nd5 {[%clk 0:00:32]} 49. a4 {[%clk 0:03:13]}  h4 {[%clk 0:00:24]} 50. gxh4 {[%clk 0:03:16]}  Nxf4 {[%clk 0:00:25]} 51. a5 {[%clk 0:02:55]}  Nd5 {[%clk 0:00:10]} 52. a6 {[%clk 0:03:21]}  Kh5 {[%clk 0:00:07]} 53. a7 {[%clk 0:03:20]}  Nc7 {[%clk 0:00:11]} 54. Be7 {[%clk 0:03:05]}  Nb5+ {[%clk 0:00:13]} 55. Ke5 {[%clk 0:03:06]}  Nxa7 {[%clk 0:00:18]} 56. Kxe6 {[%clk 0:03:03]}  Nc6 {[%clk 0:00:16]} 57. Bf6 {[%clk 0:02:46]}  Kg4 {[%clk 0:00:15]} 58. f3+ {[%clk 0:02:38]}  Kh5 {[%clk 0:00:07]} 59. Kxf5 {[%clk 0:02:37]}  Nb4 {[%clk 0:00:11]} 60. Ke6 {[%clk 0:02:15]}  Nd3 {[%clk 0:00:12]} 61. Bg5 {[%clk 0:02:11]}  Nf2 {[%clk 0:00:00]} 1-0

[Event "Rapid Tournament (RAP)"]
[Site "Biel, CH"]
[Date "2025.07.13"]
[Round "3"]
[White "Zenker, Ulrich"]
[Black "Degtiarev, Evgeny"]
[Result "0-1"]
[Board "8"]
[WhiteFideId "4614976"]
[BlackFideId "4149610"]
[WhiteTitle "FM"]
[BlackTitle "IM"]
[WhiteElo "2081"]
[BlackElo "2331"]
[WhiteTeam "GER"]
[BlackTeam "GER"]
[WhiteClock "0:00:20"]
[BlackClock "0:00:58"]
[Variant "Standard"]

1. e4 {[%clk 0:15:08]}  c5 {[%clk 0:15:04]} 2. Nf3 {[%clk 0:15:08]}  d6 {[%clk 0:15:07]} 3. g3 {[%clk 0:14:50]}  Nc6 {[%clk 0:14:55]} 4. Bg2 {[%clk 0:14:42]}  e5 {[%clk 0:14:45]} 5. O-O {[%clk 0:15:07]}  g6 {[%clk 0:14:45]} 6. Nc3 {[%clk 0:14:15]}  Nge7 {[%clk 0:14:37]} 7. d3 {[%clk 0:14:28]}  Bg7 {[%clk 0:14:25]} 8. Nd2 {[%clk 0:14:27]}  O-O {[%clk 0:14:18]} 9. Nc4 {[%clk 0:14:27]}  Nd4 {[%clk 0:12:48]} 10. Ne3 {[%clk 0:14:05]}  f5 {[%clk 0:08:59]} 11. f4 {[%clk 0:11:47]}  exf4 {[%clk 0:08:27]} 12. gxf4 {[%clk 0:11:44]}  Rb8 {[%clk 0:08:07]} 13. Ncd5 {[%clk 0:08:17]}  b5 {[%clk 0:06:25]} 14. c3 {[%clk 0:04:59]}  Ndc6 {[%clk 0:06:28]} 15. Nxe7+ {[%clk 0:04:41]}  Nxe7 {[%clk 0:06:27]} 16. Bd2 {[%clk 0:03:36]}  Kh8 {[%clk 0:05:44]} 17. a4 {[%clk 0:03:29]}  b4 {[%clk 0:05:33]} 18. Rb1 {[%clk 0:02:03]}  Be6 {[%clk 0:04:39]} 19. Nd5 {[%clk 0:01:28]}  fxe4 {[%clk 0:03:42]} 20. dxe4 {[%clk 0:01:23]}  Bxd5 {[%clk 0:03:38]} 21. exd5 {[%clk 0:01:26]}  Nf5 {[%clk 0:03:29]} 22. Qf3 {[%clk 0:00:17]}  Qd7 {[%clk 0:02:56]} 23. Bh3 {[%clk 0:00:12]}  Qxa4 {[%clk 0:02:50]} 24. Rbe1 {[%clk 0:00:16]}  bxc3 {[%clk 0:02:04]} 25. bxc3 {[%clk 0:00:19]}  Rb2 {[%clk 0:01:52]} 26. Bxf5 {[%clk 0:00:09]}  Rxf5 {[%clk 0:01:36]} 27. Re2 {[%clk 0:00:12]}  Rf8 {[%clk 0:01:07]} 28. Rfe1 {[%clk 0:00:13]}  Qc4 {[%clk 0:01:08]} 29. Bc1 {[%clk 0:00:08]}  Rxe2 {[%clk 0:01:08]} 30. Rxe2 {[%clk 0:00:10]}  Qxc3 {[%clk 0:01:07]} 31. Qxc3 {[%clk 0:00:12]}  Bxc3 {[%clk 0:01:10]} 32. Ra2 {[%clk 0:00:14]}  a5 {[%clk 0:01:10]} 33. Kg2 {[%clk 0:00:14]}  Re8 {[%clk 0:01:07]} 34. Kf3 {[%clk 0:00:16]}  Kg7 {[%clk 0:00:55]} 35. Ra3 {[%clk 0:00:16]}  Bb4 {[%clk 0:00:59]} 36. Bb2+ {[%clk 0:00:17]}  Kf7 {[%clk 0:01:01]} 37. Ra1 {[%clk 0:00:21]}  h5 {[%clk 0:01:00]} 38. h3 {[%clk 0:00:20]}  Re1 {[%clk 0:00:58]} 0-1